Klicke die Landkreise von Nordrhein-Westfalen auf einer Karte - Statistiken

Allgemein
  • Dieses Quiz wurde 392 mal gespielt
  • Das Durchschnittsergebnis liegt bei 33 aus 53
Antworten auf der Karte
Die Antworten werden auf der Karte rot bzw. grün angezeigt, abhängig davon wie oft sie richtig erraten wurden.
 
Antwortstatistiken
Antwort % Korrekt
Bielefeld
74%
Bonn
69%
Leverkusen
69%
Dortmund
68%
Düsseldorf
68%
Hochsauerlandkreis
67%
Krefeld
67%
Minden-Lübbecke
66%
Münster
66%
Siegen-Wittgenstein
66%
Duisburg
64%
Hamm
64%
Kleve
64%
Mettmann
64%
Städteregion Aachen
64%
Wesel
64%
Wuppertal
64%
Coesfeld
63%
Euskirchen
63%
Heinsberg
63%
Recklinghausen
63%
Rhein-Erft-Kreis
63%
Rhein-Kreis-Neuss
63%
Rhein-Sieg-Kreis
63%
Unna
63%
Gütersloh
62%
Herford
62%
Höxter
62%
Köln
62%
Paderborn
62%
Bochum
61%
Borken
61%
Düren
61%
Herne
61%
Märkischer Kreis
61%
Essen
60%
Warendorf
60%
Gelsenkirchen
59%
Hagen
59%
Steinfurt
59%
Mönchengladbach
58%
Mülheim (Ruhr)
58%
Rheinisch-Bergischer-Kreis
58%
Olpe
57%
Ennepe-Ruhr-Kreis
56%
Oberhausen
56%
Soest
56%
Lippe
55%
Solingen
55%
Viersen
55%
Oberbergischer Kreis
54%
Bottrop
53%
Remscheid
52%
Keine übereinstimmenden Quizze gefunden
Verteilung der Resultate
Anzahl Personen mit jedem Resultat
Perzentil nach korrekt beantworteten Fragen
Ihre Resultats-Entwicklung
Sie haben dieses Quiz noch nicht gespielt